Biblioteca y Centro de Documentación

Instituciones y derecho de la Unión Europea (Registro nro. 53426)

Detalles MARC
000 -CABECERA
Longitud fija campo de control 01337nam a2200361 i 4500
001 - NÚMERO DE CONTROL
Número de control 53426
003 - IDENTIFICADOR DE NÚMERO DE CONTROL
Identificador del número de control ES-MaCES
005 - FECHA Y HORA DE LA ÚLTIMA TRANSACCIÓN
Fecha y hora de la última transacción 20250203133123.0
008 - CAMPO FIJO DE DESCRIPCIÓN FIJA--INFORMACIÓN GENERAL
Códigos de información de longitud fija   241125s2024 sp f 000|| spad
017 ## - NÚMERO DE REGISTRO DE DERECHOS DE AUTOR Y DEPÓSITO LEGAL
Número de copyright o de depósito legal V 2426-2024
Agencia que asigna el número DL
020 ## - ISBN (INTERNATIONAL STANDARD BOOK NUMBER)
Número Internacional Normalizado para Libros (ISBN) 9788410714816
040 ## - FUENTE DE CATALOGACIÓN
Centro catalogador de origen ES-MaCES
Lengua de catalogación spa
Centro transcriptor ES-MaCES
245 10 - MENCIÓN DE TÍTULO
Título Instituciones y derecho de la Unión Europea
Nombre de parte o sección de la obra Vol. II: Derecho de la Unión Europea
Mención de responsabilidad, etc. Antonio López Castillo, dir. ; María Luz Martínez Alarcón, coord. ; [autores], Luis I. Gordilo Pérez ... [et al.]
250 ## - MENCIÓN DE EDICIÓN
Mención de edición 5ª ed
260 ## - PUBLICACIÓN, DISTRIBUCIÓN, ETC (PIE DE IMPRENTA)
Lugar de publicación, distribución, etc. Valencia
Nombre del editor, distribuidor, etc. Tirant lo Blanch
Fecha de publicación, distribución, etc. 2024
300 ## - DESCRIPCIÓN FÍSICA
Extensión 651 p.
Dimensiones 24 cm
490 0# - MENCIÓN DE SERIE
Mención de serie Manuales
504 ## - NOTA DE BIBLIOGRAFÍA, ETC.
Nota de bibliografía, etc. Bibliografía, Legislación y Jurisprudencia
541 ## - NOTA DE LA FUENTE INMEDIANTE DE ADQUISICIÓN
Forma de adquisición Compra
650 #4 - ASIENTO SECUNDARIO DE MATERIA--TÉRMINO DE MATERIA
Término de materia o nombre geográfico como elemento inicial UE
9 (RLIN) 26752
650 #4 - ASIENTO SECUNDARIO DE MATERIA--TÉRMINO DE MATERIA
Término de materia o nombre geográfico como elemento inicial organización institucional
9 (RLIN) 27196
650 #4 - ASIENTO SECUNDARIO DE MATERIA--TÉRMINO DE MATERIA
Término de materia o nombre geográfico como elemento inicial desarrollo institucional
9 (RLIN) 29802
650 #4 - ASIENTO SECUNDARIO DE MATERIA--TÉRMINO DE MATERIA
Término de materia o nombre geográfico como elemento inicial derecho comunitario
9 (RLIN) 29866
650 #4 - ASIENTO SECUNDARIO DE MATERIA--TÉRMINO DE MATERIA
Término de materia o nombre geográfico como elemento inicial manual
9 (RLIN) 29264
653 10 - TÉRMINO DE INDEXACIÓN--NO CONTROLADO
Término no controlado Derecho comunitario
700 1# - ENCABEZAMIENTO SECUNDARIO--NOMBRE PERSONAL
9 (RLIN) 16858
Nombre de persona López Castillo, Antonio
Término indicativo de función dir.
700 1# - ENCABEZAMIENTO SECUNDARIO--NOMBRE PERSONAL
9 (RLIN) 17762
Nombre de persona Martínez Alarcón, María Luz
Término indicativo de función col.
700 1# - ENCABEZAMIENTO SECUNDARIO--NOMBRE PERSONAL
9 (RLIN) 41220
Nombre de persona Gordilo Pérez, Luis I.
787 0# - ENTRADA DE OTRAS ESPECIFICACIONES
Título Instituciones y Derecho de Unión Europea Vol. III: Casos prácticos
Número de control del registro relacionado (ES-MaCES)53427
830 #0 - ENCABEZAMIENTO SECUNDARIO DE COLECCIÓN--TÍTULO UNIFORME
Título uniforme Manuales (Tirant lo Blanch (Firma))
9 (RLIN) 33478
902 ## - CES. TIPO DE DOCUMENTO
Tipodoc (006$c Sirtex) LIB Libro
942 ## - ELEMENTOS KOHA
Fuente de clasificaión o esquema Clasificación propia del CES
Koha [por defecto] tipo de item Monografías
Parte de clasificación Derecho Comunitario
Existencias
Número de registro Signatura completa Tipo de item de Koha
094680 SR-6.0.5.-123 Monografías
© CES, Consejo Económico y Social de España 2021